Hà Nội, chu kỳ của những đổi thay : hình thái kiến trúc và đô thị /

Thăng Long: vùng đất sinh ra từ những dòng nước; Hình ảnh thành phố qua bản đồ; Ký ức lắng đọng: từ những mô hình đô thị tới các công trình; Hình thái kiến trúc và tương lai của thành phố.

Guardado en:
Detalles Bibliográficos
Otros Autores: Clément, Pierre (chủ biên.), Lancret, Nathalie (chủ biên.), Mạc Thu Hương (dịch.), Trương Quốc Toàn (dịch.)
Formato: Libro
Lenguaje:Vietnamese
French
Publicado: Hà Nội : Khoa học và kỹ thuật, 2003.
Materias:
Etiquetas: Agregar Etiqueta
Sin Etiquetas, Sea el primero en etiquetar este registro!
Thư viện lưu trữ: Mạng thư viện Đại học Đà Nẵng
LEADER 01901cam a2200397 a 4500
001 000045044
003 4157
005 20060418104218.0
008 010308b2003 vm 000 vie
040 |a LRC  |c LRC  |d LRC 
041 1 |a vie  |h fre 
082 1 4 |a 710.0959731  |b Ha-N 
245 0 0 |a Hà Nội, chu kỳ của những đổi thay :  |b hình thái kiến trúc và đô thị /  |c chủ biên : Pierre Clément và Nathalie Lancret với sự cộng tác của Emmanuel Cerise, Dominique Delaunay, Inès Gaulis và Lisa Ros ; người dịch : Mạc Thu Hương, Trương Quốc Toàn. 
260 |a Hà Nội :  |b Khoa học và kỹ thuật,  |c 2003. 
300 |a 344 tr. :  |b mh. ;  |c 25 cm. 
500 |a Tập san nghiên cứu kiến trúc, đô thị và xã hội. 
500 |a Dự án đào tạo chuyên ngành đô thị Hà Nội (IMV). 
520 3 |a Thăng Long: vùng đất sinh ra từ những dòng nước; Hình ảnh thành phố qua bản đồ; Ký ức lắng đọng: từ những mô hình đô thị tới các công trình; Hình thái kiến trúc và tương lai của thành phố. 
630 0 4 |a Kiến trúc. 
650 0 4 |a Kiến trúc đô thị  |z Hà Nội (Việt Nam). 
700 1 |a Clément, Pierre,  |e chủ biên. 
700 1 |a Lancret, Nathalie,  |e chủ biên. 
700 1 |a Mạc Thu Hương,  |e dịch. 
700 1 |a Trương Quốc Toàn,  |e dịch. 
OWN |a DUT 
AVA |a UDN50  |b DUT  |c Book  |d 710.0959731 Ha-N  |e available  |t Error 5001 Not defined in file expand_doc_bib_avail.  |f 3  |g 0  |h N  |i 1  |j SH  |k 1 
999 |a From the UDN01 
AVA |a UDN50  |b DUT  |c Book  |d 710.0959731 Ha-N  |e available  |t Error 5001 Not defined in file expand_doc_bib_avail.  |f 3  |g 0  |h N  |i 1  |j SH  |k 1 
TYP |a Monograph 
TYP |a Printed language 
980 |a Mạng thư viện Đại học Đà Nẵng